书目信息 |
| 题名: |
新编大学英语实用语法
|
|
| 作者: | 李正中 编著 | |
| 分册: | ||
| 出版信息: | 杭州 浙江科学技术出版社 1997.08 |
|
| 页数: | 299页 | |
| 开本: | 32开 | |
| 丛书名: | ||
| 单 册: | ||
| 中图分类: | H314 | |
| 科图分类: | ||
| 主题词: | 英语 | |
| 电子资源: | ||
| ISBN: | 7-5341-0891-8 | |
| 000 | 00566nam0 2200193 45 | |
| 001 | 0006121688 | |
| 005 | 20000913154737.9 | |
| 010 | @a7-5341-0891-8@d12.50元 | |
| 100 | @a20000612d1997 km y0chiy0120 ea | |
| 101 | 0 | @achi |
| 105 | @a z 000yy | |
| 200 | 1 | @a新编大学英语实用语法@AXin Bian Da Xue Ying Yu Shi Yong Yu Fa@f李正中编著@FLi Zheng Zhong Bian Zhu |
| 210 | @a杭州@c浙江科学技术出版社@d1997.08 | |
| 215 | @a299页@d32开 | |
| 606 | 0 | @a英语 |
| 690 | @aH314@v3 | |
| 701 | 0 | @a李正中@4编著 |
| 801 | @aCN@bPftUser@c20000612 | |
| 905 | @dH314@eL983@b139239-241@f3 | |
| 新编大学英语实用语法/李正中编著.-杭州:浙江科学技术出版社,1997.08 |
| 299页;32开 |
| ISBN 7-5341-0891-8:12.50元 |
| ● |
| 相关链接 |
|
|
|
正题名:新编大学英语实用语法
索取号:H314/L983
 
预约/预借
| 序号 | 登录号 | 条形码 | 馆藏地/架位号 | 状态 | 备注 |
| 1 | 139239 | 201392395 | 自科二线504/504自科库 45排6列2层/ [索取号:H314/L983] | 在馆 | |
| 2 | 139240 | 201392402 | 社科二线400B/400B社科库 8排3列2层/ [索取号:H314/L983] | 在馆 | |
| 3 | 139241 | 201392411 | 自科二线504/504自科库 45排6列4层/ [索取号:H314/L983] | 在馆 | |
| 4 | 203789 | 202037893 | 语言库209/209语言库 4排2列3层/ [索取号:H314/L983] | 在馆 | |
| 5 | 203790 | 202037900 | 自科二线504/504自科库 45排6列4层/ [索取号:H314/L983] | 在馆 | |
| 6 | 203791 | 202037919 | 自科二线504/504自科库 45排6列4层/ [索取号:H314/L983] | 在馆 | |
| 7 | 203869 | 202038696 | 自科二线504/504自科库 45排6列4层/ [索取号:H314/L983] | 在馆 | |
| 8 | 209655 | 202096551 | 自科二线504/504自科库 45排6列2层/ [索取号:H314/L983] | 在馆 |